| 000 | 01148cam a2200229 4500 | ||
|---|---|---|---|
| 001 | WB4023-17 | ||
| 008 | 040616n2004 000 0 eng u | ||
| 035 | _a(Sirsi) u126491 | ||
| 245 | _aFarmers get help to cut pollution | ||
| 260 | _c2004 | ||
| 490 |
_aDEFRA News Release _v(226/04) 16 June 2004 (2) |
||
| 520 | _aDEFRA and the Environment Agency have launched computer software designed to help farmers cut pollution and boost profits by managing their fertiliser use. Launched at Cereals 2004, the PLANET Nutrient Management system is an electronic guide for farmers to make best use of fertilisers while protecting the environment. The system will also help farmers comply with nitrate vulnerable zones. PLANET software will be available free later in 2004: to register and for more information go to htp://www.planet4farmers.co.uk. http://www.defra.gov.uk/news/2004/040616b.htm | ||
| 590 | _aWB | ||
| 590 | _aWB | ||
| 650 | _aNITRATE VULNERABLE ZONES | ||
| 650 | _aCOMPUTER SOFTWARE | ||
| 650 | _aFERTILISERS | ||
| 650 | _aFARM MANAGEMENT | ||
| 650 | _aFARM PROFITS | ||
| 690 | _aRURAL-AGRICULTURE AND FORESTRY | ||
| 942 | _n0 | ||
| 999 |
_c117527 _d117527 |
||